Buy into derivatives (Record no. 76015)

MARC details
000 -LEADER
fixed length control field 01257cab a2200205 4500
001 - CONTROL NUMBER
control field ##L131275
008 - FIXED-LENGTH DATA ELEMENTS--GENERAL INFORMATION
fixed length control field 051017n2005 000 0 eng u
035 ## - SYSTEM CONTROL NUMBER
System control number (Sirsi) u131275
041 0# - LANGUAGE CODE
Language code of text/sound track or separate title eng
100 1# - MAIN ENTRY--PERSONAL NAME
Personal name Reid, Iain
245 00 - TITLE STATEMENT
Title Buy into derivatives
260 3# - PUBLICATION, DISTRIBUTION, ETC.
Date of publication, distribution, etc. 2005
490 #0 - SERIES STATEMENT
Series statement Estates Gazette
Volume/sequential designation (0540) 8 October 2005, 59-65(7)
520 ## - SUMMARY, ETC.
Summary, etc. Presents three articles on aspects of the developing property derivatives market: "The battle ahead: group launched" explains how far the industry has come in the creation of the new property investment vehicles and describes the setting up of the Property Derivatives Interest Group; "Game plan: start trading now" encourages investors to join in the just launched Property Derivatives Trading Forum, a simulation designed to build confidence in the nascent market, and "Bright future: the universe expands" sees property derivatives as a fantastically flexible way of managing business risk and views the property derivatives market as an adjunct to the underlying property market rather than replacing it. Provides an A-Z guide to derivatives.
590 ## - LOCAL NOTE (RLIN)
Local note IKA251005
690 ## - LOCAL SUBJECT ADDED ENTRY--TOPICAL TERM (OCLC, RLIN)
Topical term or geographic name as entry element PROPERTY-PROPERTY FINANCE AND INVESTMENT
700 1# - ADDED ENTRY--PERSONAL NAME
Personal name Clarke, Rupert
700 1# - ADDED ENTRY--PERSONAL NAME
Personal name Nicklin, Phil
942 ## - ADDED ENTRY ELEMENTS (KOHA)
Suppress in OPAC 0
Holdings
Withdrawn status Lost status Source of classification or shelving scheme Damaged status Not for loan Home library Current library Shelving location Date acquired Total Checkouts Full call number Barcode Date last seen Copy number Price effective from Koha item type
    Dewey Decimal Classification     London London Journal article 17/10/2005   L131275 131275-1001 06/08/2019 1 06/08/2019 Journal article